RedShift 3: Самая полная и авторитетная энциклопедия по астрономии

Bibliographic Details
Summary:Впервые на русском языке.
Language:Russian
Published: Москва, Новый Диск, 1998
Subjects:
Format: Electronic Book
KOHA link:https://koha.lib.tpu.ru/cgi-bin/koha/opac-detail.pl?biblionumber=27559

MARC

LEADER 00000nlm0a2200000 4500
001 27559
005 20231030202223.0
035 |a (RuTPU)RU\TPU\book\27810 
035 |a BOOK00027885 
090 |a 27559 
100 |a 20011209i1998 k y0rusy50 ca 
101 1 |a rus 
102 |a RU 
105 |a a f 000zy 
135 |a vocna---uucaa 
200 1 |a RedShift 3  |b CD-ROM  |e Самая полная и авторитетная энциклопедия по астрономии 
210 |a Москва  |c Новый Диск  |d 1998 
215 |a 1 CD-ROM 
300 |a Впервые на русском языке. 
610 1 |a астрономия 
610 1 |a Вселенная 
610 1 |a небесные тела 
610 1 |a солнечная система 
610 1 |a прошлое 
610 1 |a будущее 
610 1 |a планеты 
610 1 |a лунные затмения 
610 1 |a солнечные затмения 
610 1 |a звезды 
610 1 |a энциклопедии 
610 1 |a CD-ROM 
675 |a 52(03)  |v 3 
801 0 |a RU  |b 63413507  |c 20011209  |g PSBO 
801 2 |a RU  |b 63413507  |c 20080403  |g PSBO 
942 |c CF